El sacerdote santificado en la administración del sacramento de la penitencia (Record no. 8503)
[ view plain ]
| 000 -CABECERA | |
|---|---|
| campo de control de longitud fija | 01005nam a2200217 a 4500 |
| 001 - NÚMERO DE CONTROL | |
| campo de control | BRCA_8852 |
| 005 - FECHA Y HORA DE LA ÚLTIMA TRANSACCIÓN | |
| campo de control | 20190320210432.0 |
| 008 - DATOS DE LONGITUD FIJA--INFORMACIÓN GENERAL | |
| campo de control de longitud fija | 160517s1789----sp-#######---#000-0#spa-# |
| 041 ## - CÓDIGO DE LENGUA | |
| Código de lengua del texto/banda sonora o título independiente | spa |
| 044 ## - CÓDIGO DEL PAÍS DE LA ENTIDAD EDITORA/PRODUCTORA | |
| Código MARC del país | sp |
| 084 ## - OTRO NÚMERO DE CLASIFICACIÓN | |
| Número de clasificación | BE234 |
| Número de documento/Ítem | .S23 1789 |
| 245 10 - MENCIÓN DE TÍTULO | |
| Título | El sacerdote santificado en la administración del sacramento de la penitencia |
| Resto del título | cartas sobre el modo práctico de administrar el santo sacramento de la penitencia con provecho propio, y lo penitentes: obra utilísima á los confesores para el exercicio de su ministerio: compuesta por un sacerdote, zeloso del bien espiritual de los próximos |
| Mención de responsabilidad, etc. | traducida en italiano al español por Don Francisco Ordoqui, Presbítero. |
| 260 ## - PUBLICACIÓN, DISTRIBUCIÓN, ETC. | |
| Lugar de publicación, distribución, etc. | Madrid |
| Nombre del editor, distribuidor, etc. | Por Don Placido Barco Lopez |
| Fecha de publicación, distribución, etc. | 1789 |
| 300 ## - DESCRIPCIÓN FÍSICA | |
| Extensión | [6], [15], 429 p. |
| Dimensiones | 15.2 x 10.5 cm. |
| 500 ## - NOTA GENERAL | |
| Nota general | Con las licencias necesarias |
| 500 ## - NOTA GENERAL | |
| Nota general | Estado físico: presenta encuadernación en pergamino |
| 650 14 - PUNTO DE ACCESO ADICIONAL DE MATERIA--TÉRMINO DE MATERIA | |
| Término de materia o nombre geográfico como elemento de entrada | Penitencia |
| 9 (RLIN) | 22047 |
| 650 14 - PUNTO DE ACCESO ADICIONAL DE MATERIA--TÉRMINO DE MATERIA | |
| Término de materia o nombre geográfico como elemento de entrada | Iglesia católica |
| 9 (RLIN) | 15525 |
| 902 ## - CATALOGADOR | |
| Iniciales | CFM |
| 942 ## - ELEMENTOS DE PUNTO DE ACCESO ADICIONAL (KOHA) | |
| Fuente del sistema de clasificación o colocación | Library of Congress Classification |
| Tipo de ítem Koha | Libros |
| Estado de retiro | Estado de pérdida | Estado dañado | No para préstamo | Localización permanente | Ubicación/localización actual | Fecha de adquisición | Total de préstamos | Signatura topográfica completa | Código de barras | Fecha visto por última vez | Precio válido a partir de | Tipo de ítem Koha |
|---|---|---|---|---|---|---|---|---|---|---|---|---|
| El ejemplar forma parte de la colección y puede ser consultado según las políticas vigentes. | Biblioteca del Museo Franz Mayer (Rogerio Casas-Alatriste) | Biblioteca del Museo Franz Mayer (Rogerio Casas-Alatriste) | 16/05/2017 | BE234 .S23 1789 | CFM00179 | 22/03/2019 | 22/03/2019 | Libros |